Lycées de Lyon - Statistiques

Statistiques générales
  • Ce quiz a été pris 54 fois
  • Le résultat moyen est 7 sur 36
Statistiques - réponses
Answers % Correct
Le parc
51%
Ampère
47%
La Martinière
47%
Lazaristes
47%
Lumière
40%
Chartreux
33%
Les Maristes
33%
Saint Just
33%
Saint Marc
33%
Saint Louis Saint Bruno
24%
Colbert
22%
Diderot
22%
La Favorite
22%
Antoine de Saint Exupery
20%
Jean Perrin
20%
Branly
16%
Edouard Herriot
16%
Juliette Récamier
16%
Notre Dame des Minimes
16%
Chevreul Lestonnac
13%
Lacassagne
13%
Docteur Charles Merieux
11%
Charles de Foucault
9%
Pierre Termier
9%
Assomption Bellevue
7%
Belmont
7%
Hector Guimard
7%
Don Bosco
4%
ICOF
4%
Jean Lurçat
4%
Jehanne de France
4%
La Mache
4%
Trinité
4%
La Xavière
2%
Saint Joseph
2%
Deborde
0%
Aucun quiz correspondant
Distribution des résultats
% des personnes avec chaque résultat
Percentile par nombre de réponses
Votre historique - résultats
Vous n’avez pas pris ce quiz